| 000 | 00819nam a22002415i 4500 | ||
|---|---|---|---|
| 001 | 177626 | ||
| 003 | ES-MaACL | ||
| 005 | 20230906220357.0 | ||
| 008 | 110407s1973 sp |||| | spa d | ||
| 020 | _a84-7111-066-0 | ||
| 080 | _a342.951:347.27 | ||
| 100 | 1 |
_aCano Tello, Celestino A. _934571 |
|
| 245 | 1 | 3 |
_aLa hipoteca de concesiones administrativas / _cpor Celestino A. Cano Tello. |
| 260 |
_aMadrid : _bMontecorvo, _c1973. |
||
| 300 |
_a282 p. ; _c25 cm. |
||
| 490 | 1 |
_aMonografías. Colección de estudios jurídicos ; _v45 |
|
| 504 | _aBibliografía: p. 271-282. | ||
| 650 | 0 | 4 |
_aHipotecas. _9146047 |
| 650 | 4 |
_aConcesiones administrativas. _9146048 |
|
| 830 | 0 |
_aMonografías. Colección de estudios jurídicos ; _v45 _9190484 |
|
| 852 |
_aES-MaACL _jE-14827 _xOlim P-860-bis |
||
| 999 |
_c177626 _d177626 |
||